| 000 | 01046 a2200253 4500 | ||
|---|---|---|---|
| 001 | 25298 | ||
| 005 | 20260407155537.0 | ||
| 008 | 260407a2000 arg spa d | ||
| 003 | AR-UNSa-BCEJYS | ||
| 040 |
_aAR-UNSa-BCEJYS _bspa _cAR-UNSa-BCEJYS |
||
| 080 |
_a001.8 _xMetodología. Estudio general del método. Procedimientos científicos y técnicos para el estudio, La investigación y la discusión |
||
| 245 | 1 | 0 | _aCómo se hace una investigación |
| 020 | _a978-84-7432-726-7 | ||
| 264 | 1 |
_aMéxico : _bGedisa _c2000 |
|
| 300 |
_a351 p. _c23 cm. |
||
| 505 | _a1. Reflexionar sobre la investigación - 2. Prepararse para comenzar - 3. Reflexionar sobre los métodos - 4. Leer para investigar - 5. Organizar el proyecto - 6. Recolectar los datos - 7. Analizar los datos - 8. Redactar el trabajo - 9. Concluir la investigación | ||
| 041 | _aspa | ||
| 942 | _cBK | ||
| 590 | _aniveau_biblio:m niveau_hierar:0 | ||
| 100 | 1 | _aBlaxter, Loraine | |
| 700 | 1 | _aHughes, Christina | |
| 700 | 1 | _aVentureira, Gabriela | |
| 700 | 1 | _aTight, Malcolm | |
| 999 |
_c1357 _d1357 |
||